1784 1772 1094 1968 1057 1768 1379 1465 1286 1917 1266 1933 1945 1722 1745 1229 1009 1929 1134 1132 1305 1003 1499 1938 1268 1421 1049 1612 1671 1493 1447 1944 1722 1561 1768 1049 1594 1757 1522 1878 1549 1324 1652 1592 1270 1738 1807 1175 1554 1385 1430 1393 1488 1116 1844 1800 1293 1991 1060 1268 1667 1049 1688 1001 1961 1563 1822 1414 1105 1319 1525 1342 1243 1763 1915 1636 1037 1053 1910 1968 1442 1260 1486 1573 1205 1541 1010 1548 1216 1558 1342 1712 1879 1105 1821 1657 1602 1526 1592 BCNSPRNW ULIB Ver.6.0+V

เปลี่ยนเป็นภาษาไทย

Change to English
 แสดงรายละเอียดบรรณานุกรม
  กลับหน้าหลัก

Brief Record : Get Marc (ISO 2709) : E-mail record : QR code < ปิดหน้าต่าง
LEADER : 00000nam 2200000uu 4500
001    13399112476
003     ULIB
008    110818s2550||||th 000 0 tha d
020    9789747706291
050  4 HQ751^bพ264ค 2550
100 0  พรรณพิมล หล่อตระกูล
245 10 คู่มือปรุงรัก ฉบับครอบครัว /^cพรรณพิมล หล่อตระกูล
250    พิมพ์ครั้งที่ 1
260    กรุงเทพฯ :^bHealthToday Education,^c2550
300    160 หน้า
650  7 ควมสัมพันธ์ในครอบครัว
650  7 จิตวิทยาความรัก
945    ^p160^l0^i023156
995    ทศพร
999 ^a ทศพร
รายการนี้ยังไม่มีแท็ก
คุณยังไม่ได้ล็อกอิน คุณสามารถมีกิจกรรมร่วมกับเว็บไซต์ได้ แต่ต้องล็อกอินก่อน ::
  ล็อกอิน

รายการสื่อสารสนเทศ

ลำดับที่ ประเภท เลขเรียก/บาร์โค้ด สถานที่ สถานะ
- ไม่พบข้อมูล -

รายการใกล้เคียง
    ผู้แต่ง [พรรณพิมล หล่อตระกูล]

BibComment


ยังไม่เคยถูกคอมเมนท์

คอมเมนท์ทรัพยากรรายการนี้
  คอมเมนท์: คู่มือปรุงรัก ฉบั..


 Copyright 2026. Bcnsprnw @Library